00711 a2200181 4500008004100000010001400041020002300055035001300078082001200091100001700103245014500120260005000265270014100315300003000456500000600486650002000492700001700512080820t xxu||||| |||| 00| 0 eng d aENG-84806 a8175345802c295.00 aEN-68339 a331.892 aKumar, H. L. aLabour problems and remediescby H. L. Kumar and Gaurav Kumarba ready referencer to handle day-to-daylabour problems based on decided cases aNew Delhi :bUniversal Law Publishing,c2006. aC-FF-1A, Dilkhush Industrial Area, G. T. Karnal Road,bDelhicDelhie110033k011-27438103, 27215334l011-27458529msales@unilawbooks.com aliii, 388 pc22 cm. (Pbk) aI aLabour problems aGaurav Kumar